000 00276nam a2200121 a 4500
008 101025s2008|||| d
100 1 _aCalmelová, Mireille
245 1 0 _aRieka duší
041 _aslo
044 _axo
_cSK
260 _bIkar
_aBratislava
_c2008
020 _c259
999 _c12166
_d12166